Statistics for Pre 2000s Artists in the Top 500 on Spotify

Click here to take the quiz!

General Stats

  • This quiz has been taken 31,648 times
    (16,531 since last reset)
  • The average score is 48 of 87

Answer Stats

ListenersSongArtist(s)Ranking% Correct
39,347,385Bohemian RhapsodyQueen46
97%
31,683,124Smooth CriminalMichael Jackson73
92%
48,524,060Hips Don't LieShakira27
91%
23,043,442Dancing QueenABBA138
90%
52,593,764Rocket ManElton John15
89%
24,383,811Smells Like Teen SpiritNirvana122
88%
36,715,683...Baby One More TimeBritney Spears53
86%
19,493,201All I Want for Christmas is YouMariah Carey208
86%
24,224,242Highway to HellAC/DC123
84%
25,833,866Let It BeThe Beatles114
82%
20,395,778Like a VirginMadonna183
81%
21,697,845Livin' On a PrayerBon Jovi157
80%
14,404,404AfricaTOTO343
80%
18,161,610Stayin' AliveBee Gees239
75%
24,562,309Sweet Child O' MineGuns N' Roses120
75%
25,765,694CalifornicationRed Hot Chili Peppers115
75%
16,114,839WonderwallOasis289
74%
17,051,313Hotel CaliforniaThe Eagles254
73%
19,771,184I Will Always Love YouWhitney Houston198
73%
11,129,875My Heart Will Go OnCeline Dion500
72%
13,555,758I Want It That WayBackstreet Boys371
71%
31,305,819Empire State of MindJay-Z76
71%
12,853,424FaithGeorge Michael406
69%
12,712,532Take On Mea-ha411
68%
18,427,224Piano ManBilly Joel233
67%
15,532,757Another Brick In The WallPink Floyd310
67%
19,127,991Every Breath You TakeThe Police216
67%
52,901,342Till I CollapseEminem13
65%
15,793,679Don't Stop Believin'Journey302
64%
17,805,807CreepRadiohead244
64%
31,138,478Drop It Like It's HotSnoop Dogg77
63%
16,631,932Stairway To HeavenLed Zeppelin268
62%
11,395,269Fly Me To the MoonFrank Sinatra481
61%
14,160,574Livin' la Vida LocaRicky Martin349
60%
12,118,249ZombieThe Cranberries442
60%
14,075,744Losing My ReligionR.E.M.354
58%
17,896,776Get LuckyDaft Punk242
57%
16,614,145Ms. JacksonOutkast271
56%
19,054,664California Love2Pac220
55%
21,492,559Basket CaseGreen Day160
55%
11,718,770Girls Just Want to Have FunCyndi Lauper463
54%
23,273,382Nothing Else MattersMetallica135
54%
16,194,502In The Air TonightPhil Collins284
54%
15,837,806Summer of '69Bryan Adams300
53%
12,235,618Sweet Home AlabamaLynyrd Skynyrd436
53%
35,207,253Pump ItBlack Eyed Peas59
52%
17,309,023Big PoppaThe Notorious B.I.G.251
52%
17,022,688Sunday Bloody SundayU2255
51%
16,117,235StarmanDavid Bowie288
50%
15,665,093SuperstitionStevie Wonder305
50%
18,136,707Genie in a BottleChristina Aguilera237
49%
15,866,266SeptemberEarth, Wind & Fire298
48%
16,699,582Suspicious MindsElvis Presley264
47%
20,334,050Start Me UpThe Rolling Stones187
47%
22,330,700DJ Got Us Fallin' In LoveUsher149
47%
14,588,385Everybody Wants To Rule The WorldTears For Fears337
45%
13,850,935All The Small ThingsBlink-182364
44%
13,727,195Three Little BirdsBob Marley & The Wailers369
44%
22,373,805DreamsFleetwood Mac146
44%
13,921,759Sultans of SwingDire Straits361
43%
17,393,004The Next EpisodeDr. Dre250
43%
11,241,101IrisThe Goo Goo Dolls492
43%
13,355,140Dancing In the DarkBruce Springsteen377
42%
18,502,387Fortunate SonCreedence Clearwater Revival230
42%
11,263,747Say My NameDestiny's Child491
42%
16,343,342EverlongFoo Fighters277
41%
11,753,979Man! I Feel Like a Woman!Shania Twain461
41%
12,974,484Rock And Roll All NiteKISS398
39%
17,182,339Sweet EmotionAerosmith253
38%
12,383,464Friday I'm In LoveThe Cure429
37%
14,053,272Drops of Jupiter (Tell Me)Train357
37%
12,268,567It Was A Good DayIce Cube433
35%
12,897,206Ain't No Mountain High EnoughMarvin Gaye402
35%
13,411,557BoombasticShaggy373
32%
11,929,440Island In The SunWeezer452
32%
12,530,965RockstarNickelback421
31%
27,974,463A MilliLil Wayne104
30%
11,390,405Rock You Like A HurricaneScorpions482
30%
19,697,696Let's Get LoudJennifer Lopez202
29%
28,241,620BabooshkaKate Bush100
29%
13,217,755Pretty Fly (For A White Guy)The Offspring383
29%
12,868,729ToxicitySystem Of A Down403
26%
11,229,257You Make My Dreams Come TrueHall and Oates493
22%
12,174,271UprisingMuse439
22%
11,857,784Walking on Broken GlassAnnie Lennox455
20%
19,256,162Por AmarteEnrique Iglesias212
20%
13,026,688Oye Mi AmorMana395
7%

Score Distribution

Percentile by Number Answered

Percent of People with Each Score

Your Score History

You have not taken this quiz since the last reset